Score 0/12 Timer 01:30
2 Plays Today
% Correct
The Trouble With Tribbles
80.5%
Who Mourns for Adonais?
70.5%
Arena
66.2%
The Doomsday Machine
64.8%
Mirror, Mirror
64.5%
The City on the Edge of Forever
57.4%
The Corbomite Maneuver
56.6%
Space Seed
56.2%
Amok Time
55.6%
A Piece of the Action
54.7%
Journey to Babel
51.9%
Balance of Terror
51.7%

Today's Daily Dose

You're not logged in!

Compare scores with friends on all Sporcle quizzes.
OR
Log In

Sporcle TV

Today on Sporcle TV


Watch our educational content, quiz creation guides, and fun videos on Sporcle TV.

Show Comments

Extras

Top Quizzes Today


Score Distribution

Your Account Isn't Verified!

In order to create a playlist on Sporcle, you need to verify the email address you used during registration. Go to your Sporcle Settings to finish the process.

Report this User

Report this user for behavior that violates our Community Guidelines.

Details: